00911nam a2200277 u 450000100070000000500170000700800410002403500110006504000130007604100080008908200080009710000400010524501370014526000430028230000130032565000300033865000250036865000300039365000400042365000250046370000400048870000400052870000470056850200110061552600070062686827020260506152452.0040326s2003 ||||||m| spa  a868270 ccomduadb aspa 4a61510aMora Guzman, Javier Ariel4auteaut10aNecesidad del desarrollo de un servicio farmaceutico comunitario de primer nivel en el Municipio de Itagui, Antioquia, Colombia 2003 aMedellín :b[sin publicador],c2003. a76 hojas aServicios farmacéuticos aRegencia de Farmacia aAtención farmacéutica aQuimica farmaceutica como profesion aItagüi (Antioquia)10aOsorio Durango, Alexander4auteaut10aGomez Mora, Alberto Magno4auteaut10aTobón Marulanda, Flor Ángela4thseths b98c11 a98